000 00583nam a2200193Ia 4500
005 20260120124553.0
008 008 260114s9999 xx 000 0 eng d
020 _a9781780524689
037 _aEBOOK
040 _aCRL
_beng
_cCRL
041 _aeng
_2eng
084 _qCRL
245 0 _aPricing Behavior and NonPrice Characteristics in the Airline Industry
260 _bEmerald Publishing
_c2012
700 _aJames Peoples
_9907903
856 _uhttps://www.emerald.com/insight/publication/doi/10.1108/S2212-1609(2012)3
942 _cEBOOK
999 _c1499790
_d1499790